| 000 | 01272nac a22003857a 4500 | ||
|---|---|---|---|
| 001 | BR8402287 | ||
| 003 | BR-BrBNA | ||
| 005 | 20240105120017.0 | ||
| 008 | 230509b bl.|||m| |||| 00| 0 por d | ||
| 040 |
_aBR-BrBNA _bpor _cBiblioteca Nacional de Agricultura |
||
| 072 | _aF00 | ||
| 090 | _a1930 BR8402287 | ||
| 100 | 1 | _aAndrade, R.P. de | |
| 100 | 1 | _aThomas, D. | |
| 100 | 1 | _aRocha, C.M.C. da | |
| 100 | 1 | _aGomes, D.T. | |
| 100 | 1 | _aCouto, W. | |
| 100 | 1 | _aCosenza, G. | |
| 100 | 1 | _aMoore, C.P. | |
| 110 | 1 | _aCentro de Pesquisa Agropecuaria dos Cerrados, Planaltina, DF (Brasil) | |
| 245 | 1 | _aFormacao e manejo de pastagens de capim andropogon [Andropogon gayanus, pratica cultural, Cerrado, Brasil] | |
| 246 | 1 | _a[Formation and management of andropogon grass pastures [Andropogon gayanus, cultural practice, Cerrado, Brazil]] | |
| 260 | 3 |
_aPlanaltina, DF (Brasil): _c1984. |
|
| 300 | _a5 p. | ||
| 490 |
_aComunicado Tecnico - Centro de Pesquisa Agropecuaria dos Cerrados (Brazil) _vno. 34 _x |
||
| 650 | _aCAPIM ANDROPOGON | ||
| 650 | _aCALAGEM | ||
| 650 | _aADUBACAO | ||
| 650 | _aSEMEADURA | ||
| 650 | _aSEMENTE | ||
| 650 | _aPRODUCAO | ||
| 650 | _aCERRADO | ||
| 909 |
_a202312 _bLúcia Elande _c55 _dLúcia Elande |
||
| 942 |
_2AGRIS _n0 _cMS |
||
| 999 |
_c277496 _d277496 |
||